Statistics for European Countries in 1800

Click here to take the quiz!

General Stats

  • This quiz has been taken 520 times
    (515 since last reset)
  • The average score is 16 of 29

Answer Stats

European Countries in 1800% Correct
Russian Empire
96%
French Republic
94%
Great Britain
94%
Hapsburg Monarchy
93%
Spanish Empire
93%
Denmark–Norway
92%
Kingdom of Portugal
91%
Sweden
91%
Ottoman Empire
87%
Kingdom of Prussia
81%
Batavian Republic
76%
Kingdom of Naples and Sicily / Kingdom of Two Sicilies
68%
Principality of Andorra
62%
Papal States
60%
Holy Roman Empire
57%
San Marino
57%
Monaco
52%
Kingdom of Ireland
47%
Kingdom of Sardinia
37%
Grand Duchy of Tuscany
35%
Prince-Bishopric of Montenegro
32%
Principality of Moldavia
19%
Duchy of Savoy
18%
Wallachia
14%
Cisalpine Republic
5%
Couto Misto
3%
Dutchy of Schleswig
3%
Republic of Cospaia
3%
Gozo / The Gozitan Nation
1%

Score Distribution

Percentile by Number Answered

Percent of People with Each Score

Your Score History

You have not taken this quiz since the last reset